000 00613nam a2200229 i 4500
001 C2-0221384
003 PPAK
005 20180728150939.0
008 991026s1964 enk |||| ||||| | eng d
040 _aPPAK
_beng
_cPPAK
_erda
082 0 4 _a410
_223
090 0 0 _a410
_bROB
_dKIH
100 1 _aRobins, R. H.,
_eauthor
245 1 0 _aGeneral linguistics
_ban introductory survey
264 1 _aLondon :
_bLongmans ,
_c1964
300 _axxii, 390 pages ;
_c23 cm
336 _2rdacontent
_atext
337 _2rdamedia
_aunmediated
338 _2rdacarrier
_avolume
650 1 0 _aLinguistics
942 _ddc
_cB
999 _c143016
_d143016